[Event "Maastricht Limburg op-B 9th"]
[Site "Maastricht"]
[Date "2015.05.25"]
[Round "7"]
[White "Moog, Gerhard"]
[Black "Keetman, Sandra"]
[Result "1-0"]
[WhiteElo "1869"]
[BlackElo "1710"]
[PlyCount "27"]
[EventDate "2015.05.22"]
[EventType "swiss"]
[EventRounds "7"]
[EventCountry "NED"]
[SourceTitle "EXT 2016"]
[Source "ChessBase"]
[SourceDate "2015.10.08"]
[SourceVersion "1"]
[SourceVersionDate "2015.10.08"]
[SourceQuality "1"]

1. e4 c6 2. d4 d5 3. exd5 cxd5 4. Nf3 Nc6 5. Bd3 Bg4 6. c3 Nf6 7. h3 Bxf3 8. Qxf3 e6 9. 0-0 Be7 10. Re1 Qb6 11. b3 Nxd4 12. cxd4 Qxd4 13. Nc3 Qxc3 14. Bb5+ 1-0

[Event "Maastricht Limburg op-B 9th"]
[Site "Maastricht"]
[Date "2015.05.25"]
[Round "6"]
[White "Reichardt, Monica"]
[Black "Moog, Gerhard"]
[Result "0-1"]
[WhiteElo "1860"]
[BlackElo "1869"]
[PlyCount "42"]
[EventDate "2015.05.22"]
[EventType "swiss"]
[EventRounds "7"]
[EventCountry "NED"]
[SourceTitle "EXT 2016"]
[Source "ChessBase"]
[SourceDate "2015.10.08"]
[SourceVersion "1"]
[SourceVersionDate "2015.10.08"]
[SourceQuality "1"]

1. e4 e5 2. Nc3 Nf6 3. Bc4 d6 4. d3 Be7 5. f4 0-0 6. Nf3 Bg4 7. 0-0 Nc6 8. Ne2 exf4 9. Bxf4 Bxf3 10. Rxf3 Ne5 11. Bxe5 dxe5 12. c3 c6 13. Ng3 Qb6+ 14. d4 exd4 15. cxd4 Rad8 16. Rd3 Rd7 17. e5 Nd5 18. Bb3 Rfd8 19. Qf3 f6 20. Qf2 fxe5 21. dxe5 Bc5 0-1

[Event "Maastricht Limburg op-B 9th"]
[Site "Maastricht"]
[Date "2015.05.24"]
[Round "4"]
[White "Dietz, Jonas"]
[Black "Moog, Gerhard"]
[Result "1/2-1/2"]
[WhiteElo "1744"]
[BlackElo "1869"]
[PlyCount "93"]
[EventDate "2015.05.22"]
[EventType "swiss"]
[EventRounds "7"]
[EventCountry "NED"]
[SourceTitle "EXT 2016"]
[Source "ChessBase"]
[SourceDate "2015.10.08"]
[SourceVersion "1"]
[SourceVersionDate "2015.10.08"]
[SourceQuality "1"]

1. b3 Nf6 2. Bb2 e6 3. e3 Be7 4. Nf3 0-0 5. h3 d5 6. c4 c6 7. Nc3 Nbd7 8. Be2 Re8 9. 0-0 Nf8 10. Rc1 h6 11. Ne5 Bd6 12. d4 N8d7 13. f4 Nf8 14. Bh5 g6 15. Be2 N6h7 16. Bd3 f5 17. Kh2 Nf6 18. Be2 Re7 19. Qe1 Rg7 20. Rg1 g5 21. g3 Bd7 22. Qf2 Be8 23. Rg2 Rc8 24. Rcg1 Rcc7 25. c5 Be7 26. b4 b5 27. a4 a6 28. axb5 axb5 29. Ra1 Ng6 30. Rgg1 Nxe5 31. fxe5 Ne4 32. Nxe4 fxe4 33. Bg4 Bf7 34. Ra6 h5 35. Be2 Bg6 36. Rga1 Rf7 37. Qe1 Bf8 38. Kg2 h4 39. g4 Rc8 40. R1a5 Rb7 41. Qa1 Be8 42. Ra7 Rcc7 43. Rxb7 Rxb7 44. Ra8 Rb8 45. Ra7 Be7 46. Qa6 Kf8 47. Bc3 1/2-1/2

[Event "Maastricht Limburg op-B 9th"]
[Site "Maastricht"]
[Date "2015.05.24"]
[Round "5"]
[White "Moog, Gerhard"]
[Black "Stuch, Hans Ferdinand"]
[Result "0-1"]
[WhiteElo "1869"]
[BlackElo "1767"]
[PlyCount "29"]
[EventDate "2015.05.22"]
[EventType "swiss"]
[EventRounds "7"]
[EventCountry "NED"]
[SourceTitle "EXT 2016"]
[Source "ChessBase"]
[SourceDate "2015.10.08"]
[SourceVersion "1"]
[SourceVersionDate "2015.10.08"]
[SourceQuality "1"]

1. e4 e5 2. Nf3 Nf6 3. Nc3 Nc6 4. Bc4 Nxe4 5. Bxf7+ Kxf7 6. Nxe4 d5 7. Neg5+ Kg8 8. h4 h6 9. Nh3 Bg4 10. d3 e4 11. dxe4 dxe4 12. Qxd8 Rxd8 13. Nd2 Nd4 14. f3 exf3 15. gxf3 0-1

[Event "Maastricht Limburg op-B 8th"]
[Site "Maastricht"]
[Date "2014.06.08"]
[Round "4"]
[White "Moog, Gerhard"]
[Black "Kalle, Erwin"]
[Result "1-0"]
[WhiteElo "1898"]
[BlackElo "1691"]
[PlyCount "73"]
[EventDate "2014.06.06"]
[EventType "swiss"]
[EventRounds "7"]
[EventCountry "NED"]
[SourceTitle "EXT 2015"]
[Source "ChessBase"]
[SourceDate "2014.11.20"]
[SourceVersion "1"]
[SourceVersionDate "2014.11.20"]
[SourceQuality "1"]

1. e4 e6 2. d4 d5 3. Nd2 Nf6 4. e5 Nfd7 5. Bd3 c5 6. c3 Nc6 7. Ne2 cxd4 8. cxd4 f6 9. exf6 Nxf6 10. 0-0 Bd6 11. Nf3 Qc7 12. h3 0-0 13. a3 Nh5 14. Nc3 a6 15. Bxh7+ Kxh7 16. Ng5+ Kg6 17. Qd3+ Rf5 18. g4 Bf4 19. Nf3 Bd7 20. gxf5+ Kf6 21. Ne2 Rh8 22. Ne5 Nxe5 23. dxe5+ Qxe5 24. Qf3 Bh2+ 25. Kg2 Bc6 26. fxe6+ Kxe6 27. Qg4+ Ke7 28. Nd4 Bd7 29. Bg5+ Kd6 30. f4 Qxd4 31. Qf3 Qxb2+ 32. Qf2 Qxf2+ 33. Rxf2 Nxf4+ 34. Bxf4+ Bxf4 35. Rxf4 Rxh3 36. Rf7 g5 37. Rxd7+ 1-0

[Event "Maastricht Limburg op-B 8th"]
[Site "Maastricht"]
[Date "2014.06.06"]
[Round "1"]
[White "Feltman, Bart"]
[Black "Moog, Gerhard"]
[Result "1/2-1/2"]
[WhiteElo "1728"]
[BlackElo "1898"]
[PlyCount "103"]
[EventDate "2014.06.06"]
[EventType "swiss"]
[EventRounds "7"]
[EventCountry "NED"]
[SourceTitle "EXT 2015"]
[Source "ChessBase"]
[SourceDate "2014.11.20"]
[SourceVersion "1"]
[SourceVersionDate "2014.11.20"]
[SourceQuality "1"]

1. b4 d5 2. Bb2 e6 3. e3 Nf6 4. a3 c6 5. Nf3 Bd6 6. Be2 Nbd7 7. 0-0 0-0 8. d3 Qc7 9. Nbd2 a5 10. bxa5 Rxa5 11. c4 b6 12. Nb3 Ra7 13. Qc2 Bb7 14. cxd5 exd5 15. Nbd4 Rfa8 16. Rfc1 Nc5 17. Nf5 g6 18. Nxd6 Qxd6 19. Be5 Qe6 20. Qb2 Ncd7 21. Bf4 c5 22. Ng5 Qe7 23. Nf3 Bc6 24. Ne5 Nxe5 25. Bxe5 Nd7 26. Bg3 f6 27. Bg4 f5 28. Bf3 Qf6 29. Qb3 Qf7 30. Qb2 Qe6 31. Bf4 b5 32. Bh6 Qf7 33. g4 fxg4 34. Bxg4 Nf6 35. Bh3 c4 36. dxc4 dxc4 37. Qe5 Re8 38. Qc5 Ra6 39. Qd4 Qd5 40. Qxd5+ Bxd5 41. Rd1 Rea8 42. Rab1 Bf7 43. Rxb5 Rxa3 44. Rb6 Nd5 45. Rb7 Ra1 46. Rxa1 Rxa1+ 47. Kg2 Ra8 48. e4 Nf6 49. f3 Ra2+ 50. Kg1 Ra1+ 51. Kg2 Ra2+ 52. Kg1 1/2-1/2

[Event "Maastricht Limburg op-B 4th"]
[Site "Maastricht"]
[Date "2010.05.23"]
[Round "4"]
[White "Moog, Gerhard"]
[Black "Dittmar, Thomas"]
[Result "1/2-1/2"]
[WhiteElo "1821"]
[BlackElo "1969"]
[PlyCount "66"]
[EventDate "2010.05.21"]
[EventType "swiss"]
[EventRounds "7"]
[EventCountry "NED"]
[SourceTitle "EXT 2011"]
[Source "ChessBase"]
[SourceDate "2010.11.26"]
[SourceVersion "1"]
[SourceVersionDate "2010.11.26"]
[SourceQuality "1"]

1. e4 c6 2. d4 d5 3. e5 Bf5 4. Bd3 Bxd3 5. Qxd3 Qa5+ 6. Nc3 Qa6 7. Qxa6 Nxa6 8. Be3 e6 9. 0-0-0 Ne7 10. f4 Nf5 11. Bf2 h5 12. Nf3 Be7 13. g3 b5 14. h3 b4 15. Na4 c5 16. dxc5 Rc8 17. g4 Nh6 18. Rhg1 Nxc5 19. Nxc5 Bxc5 20. Bxc5 Rxc5 21. Nd4 h4 22. Rg2 Kd7 23. Re2 g6 24. Rd3 Rhc8 25. Kb1 Ng8 26. f5 gxf5 27. gxf5 exf5 28. Nxf5 Ne7 29. Nxh4 Rh8 30. Ng2 Ng6 31. a3 bxa3 32. Rxa3 a5 33. Rf3 Ke6 1/2-1/2

[Event "Maastricht Limburg op-B 4th"]
[Site "Maastricht"]
[Date "2010.05.23"]
[Round "5"]
[White "Moog, Gerhard"]
[Black "Whitmire, James David"]
[Result "1-0"]
[WhiteElo "1821"]
[BlackElo "1957"]
[PlyCount "115"]
[EventDate "2010.05.21"]
[EventType "swiss"]
[EventRounds "7"]
[EventCountry "NED"]
[SourceTitle "EXT 2011"]
[Source "ChessBase"]
[SourceDate "2010.11.26"]
[SourceVersion "1"]
[SourceVersionDate "2010.11.26"]
[SourceQuality "1"]

1. e4 c5 2. Nf3 d6 3. d4 cxd4 4. Nxd4 Nf6 5. Nc3 a6 6. f3 e5 7. Nb3 Be6 8. Bg5 Be7 9. Bxf6 Bxf6 10. Nd5 Bxd5 11. Qxd5 Qc7 12. 0-0-0 Be7 13. g3 Nd7 14. Bh3 Nb6 15. Qa5 Qc6 16. Rd3 Nc4 17. Qc3 0-0 18. Na5 Nxa5 19. Qxa5 Bd8 20. Qd5 Qxd5 21. Rxd5 Be7 22. Rhd1 g6 23. g4 Rac8 24. c3 Rc6 25. Kc2 Rd8 26. Bf1 Kg7 27. Kd2 Rh8 28. Ke2 h5 29. h3 b5 30. Kf2 hxg4 31. fxg4 Rb8 32. a3 Rcb6 33. b3 a5 34. c4 bxc4 35. Bxc4 a4 36. bxa4 Rc6 37. Bb5 Rc2+ 38. R1d2 Rc1 39. a5 Rc3 40. a4 Bg5 41. R2d3 Rc2+ 42. Kf1 Rc1+ 43. Rd1 Rc3 44. R5d3 Rc2 45. a6 Be7 46. R1d2 Rc1+ 47. Ke2 Bg5 48. Rb2 Rh1 49. Rbb3 Rh2+ 50. Kd1 Rc8 51. Rdc3 Rh1+ 52. Kc2 Rh2+ 53. Kb1 Rh1+ 54. Ka2 Rd8 55. Bc6 Rh2+ 56. Rb2 Rxb2+ 57. Kxb2 Rb8+ 58. Kc2 1-0

[Event "Maastricht Limburg op-B 4th"]
[Site "Maastricht"]
[Date "2010.05.22"]
[Round "3"]
[White "Eijk, Yuri"]
[Black "Moog, Gerhard"]
[Result "1/2-1/2"]
[WhiteElo "1966"]
[BlackElo "1821"]
[PlyCount "102"]
[EventDate "2010.05.21"]
[EventType "swiss"]
[EventRounds "7"]
[EventCountry "NED"]
[SourceTitle "EXT 2011"]
[Source "ChessBase"]
[SourceDate "2010.11.26"]
[SourceVersion "1"]
[SourceVersionDate "2010.11.26"]
[SourceQuality "1"]

1. d4 Nf6 2. c4 e6 3. g3 d5 4. Bg2 c6 5. Qc2 Nbd7 6. Nf3 b6 7. 0-0 Bb7 8. Bf4 Rc8 9. Nbd2 Nh5 10. Bg5 Be7 11. Bxe7 Qxe7 12. e4 dxe4 13. Nxe4 0-0 14. c5 Ba8 15. b4 Nhf6 16. Nd6 Rc7 17. Rfe1 Ne8 18. Nc4 g6 19. Nfe5 b5 20. Nd2 f6 21. Nd3 f5 22. Re2 Ng7 23. Rae1 Qf7 24. Nf4 Re8 25. Qb3 Nf8 26. Nf3 h6 27. Ne5 Qf6 28. a4 g5 29. Nfd3 a6 30. f4 Rd8 31. axb5 axb5 32. Ra1 Bb7 33. Qc3 Ng6 34. Nxg6 Qxg6 35. Ne5 Qe8 36. Qe3 g4 37. Ra7 Rb8 38. Rd2 Rbc8 39. Qa3 Ra8 40. Rxa8 Bxa8 41. Ra2 Bb7 42. Qe3 Qb8 43. Nd3 Rd7 44. Ne5 Rc7 45. Kf2 Qd8 46. Ra7 Qb8 47. Qa3 Ne8 48. Qa2 Ng7 49. Qa5 Ne8 50. Qa2 Ng7 51. Qa5 Ne8 1/2-1/2